000 00654nam a2200205Ia 4500
003 OSt
005 20250625151843.0
008 210210b1998 xxu||||| |||| 00| 0 eng d
040 _cAL
041 _aKannada
082 _aK894.9 KARK
100 _aKARNATAKA SAHITYA AKADEMI
_dಕರ್ನಾಟಕ ಸಾಹಿತ್ಯ ಅಕಾಡೆಮಿ
_9216090
245 _aKonkani janapada kavya
_bಕೊಂಕಣಿ ಜಾನಪದ ಕಾವ್ಯ
260 _aBengaluru
_bKarnataka Sahitya Akademi
_c1998
300 _axvi,70
650 _aMuttinahara Edvard Narona
_9216091
690 _aKannada Criticism
_9216092
906 _a053493
942 _2ddc
_cBK
999 _c101689
_d101689